Loading...
Amini Islanders: social structure and change /
| Main Author: | |
|---|---|
| Format: | Printed Book |
| Published: |
New Delhi :
Abhinav Publications ,
1976.
|
| Subjects: |
| LEADER | 00465cam a2200133ua 4500 | ||
|---|---|---|---|
| 999 | |c 33396 |d 33396 | ||
| 082 | 1 | 4 | |a 307.7095481 |b ITT-A |
| 100 | 1 | |a Ittaman, K P . | |
| 245 | 1 | 0 | |a Amini Islanders: |b social structure and change / |
| 260 | |a New Delhi : |b Abhinav Publications , |c 1976. | ||
| 300 | |a 284p.; | ||
| 650 | 0 | |a Specific kinds of communities | |
| 942 | |c BK | ||
| 952 | |0 0 |1 0 |4 0 |6 307_709548100000000_ITTA |7 0 |9 42806 |a KU |b KU |d 2015-07-05 |l 0 |o 307.7095481 ITT-A |p AN00020 |r 2015-07-05 |y BK | ||